[Event "GER-ch U16"]
[Site "Willingen"]
[Date "2019.06.12"]
[Round "5"]
[White "Rietschel, Tilo"]
[Black "Trifan, Andrei Ioan"]
[Result "1/2-1/2"]
[WhiteElo "2005"]
[BlackElo "2268"]
[PlyCount "137"]
[EventDate "2019.06.08"]
[EventType "swiss"]
[EventRounds "9"]
[EventCountry "GER"]
[SourceTitle "CBM 191 Extra"]
[Source "ChessBase"]
[SourceDate "2019.09.30"]
[SourceVersion "1"]
[SourceVersionDate "2019.09.30"]
[SourceQuality "1"]

1. e4 e5 2. Nf3 Nc6 3. Bb5 a6 4. Ba4 Nf6 5. 0-0 Be7 6. d4 exd4 7. e5 Ne4 8. Nxd4 Nxd4 9. Qxd4 Nc5 10. Nc3 0-0 11. Nd5 Re8 12. Re1 Bf8 13. h4 c6 14. Nc3 b5 15. Bb3 d5 16. Bg5 Qc7 17. Bf4 Be6 18. Nd1 Nxb3 19. axb3 c5 20. Qd2 d4 21. b4 cxb4 22. Qxd4 Qxc2 23. Ne3 Qc6 24. Rec1 Qb7 25. Rd1 Be7 26. Bg5 h6 27. Bxe7 Qxe7 28. Qb6 Bb3 29. Rd4 Qxe5 30. Rxb4 Qxb2 31. Rxa6 Qc1+ 32. Kh2 Bc4 33. Rxa8 Rxa8 34. Nxc4 bxc4 35. Qc5 Qf4+ 36. g3 Qf3 37. Rxc4 Ra1 38. Rc1 Rxc1 39. Qxc1 Qxf2+ 40. Kh3 Kh7 41. Qc6 h5 42. Qb7 Qg1 43. Qe4+ g6 44. Qf3 Kg8 45. Qa8+ Kg7 46. Qb7 Qf1+ 47. Kh2 Qf2+ 48. Kh3 Qf1+ 49. Kh2 Kf6 50. Qc6+ Ke5 51. Qc5+ Ke4 52. Qc6+ Ke3 53. Qc5+ Kd2 54. Qb4+ Kc2 55. Qa4+ Kc3 56. Qa3+ Kd4 57. Qd6+ Ke4 58. Qc6+ Kf5 59. Qd5+ Kf6 60. Qd4+ Ke6 61. Qb6+ Kd5 62. Qb7+ Kc5 63. Qc7+ Kb4 64. Qd6+ Kc3 65. Qa3+ Kd4 66. Qd6+ Ke3 67. Qe5+ Kd2 68. Qb2+ Ke1 69. Qc3+ 1/2-1/2

[Event "JBLN West 1819"]
[Site "Germany"]
[Date "2019.01.27"]
[Round "4.4"]
[White "Rietschel, Tilo"]
[Black "Weihrauch, Jakob"]
[Result "0-1"]
[WhiteElo "1979"]
[BlackElo "2129"]
[PlyCount "84"]
[EventDate "2018.09.23"]
[EventType "team-tourn"]
[EventRounds "9"]
[EventCountry "GER"]
[SourceTitle "EXT 2020"]
[Source "ChessBase"]
[SourceDate "2019.10.17"]
[SourceVersion "1"]
[SourceVersionDate "2019.10.17"]
[SourceQuality "1"]
[WhiteTeam "Luebeck SV U20"]
[BlackTeam "Hamburger SK U20"]
[WhiteTeamCountry "GER"]
[BlackTeamCountry "GER"]

1. e4 e5 2. Nf3 Nc6 3. Bb5 a6 4. Ba4 Nf6 5. 0-0 b5 6. Bb3 Bc5 7. c3 d6 8. Re1 0-0 9. h3 h6 10. a4 Rb8 11. axb5 axb5 12. d4 Bb6 13. Na3 b4 14. Nc4 bxc3 15. bxc3 exd4 16. Nxb6 Rxb6 17. cxd4 Re8 18. d5 Ne5 19. Nd4 Bd7 20. f4 Ng6 21. Bc2 Qe7 22. Bd2 Rc8 23. Ra7 Qd8 24. Qf3 Ra8 25. Rxa8 Qxa8 26. Bb3 c5 27. dxc6 Bxc6 28. Nxc6 Qxc6 29. Re3 Nh4 30. Qe2 Ng6 31. Qf3 Rb8 32. Bd5 Nxd5 33. exd5 Qc2 34. Bc3 Qf5 35. Re4 Kh7 36. Rd4 Rb5 37. g4 Rb1+ 38. Kg2 Qc2+ 39. Rd2 Qc1 40. Kg3 Rb3 41. Rd3 Qg1+ 42. Qg2 Qxg2+ 0-1